000 00776nam a22002177a 4500
003 BUBTL
008 230201b ||||| |||| 00| 0 eng d
020 _a9789849291350
082 _a954.92/ M3111b/ 2017
100 _95185
_aMamoon, Muntassir
245 _aBangabandhu 7th March and Bangladesh/
_c Muntassir Mamoon
250 _a1st Edn.
260 _aDhaka:
_bJourneyman Books,
_cc2017
300 _a112 p.:
_bills.;
_c18.5 cm.
505 _a1971, Liberation War, Muntassir Mamoon, মুক্তিযুদ্ধ, Bangabandhu 7th March and Bangladesh, Bangabandhu, 7th March, Bangladesh
650 0 _94372
_aBangabandhu
650 0 _93573
_aবঙ্গবন্ধু
856 _k0
_l0
_yDownload
942 _2ddc
_cBK
999 _c6943
_d6943